000 01186nam a22003257a 4500
003 CHAP
005 20220329143716.0
008 110318s2010 mx a r 00010 spa d
010 _a100697
011 _a101669
020 _a9786071201614
035 _a112357
040 _cCHAP
090 _aFolleto 17922
100 0 0 _aZamudio Sánchez, Francisco José.
_9123569
245 1 0 _aDesarrollo y calidad educativa según grado de ruralidad en los municipios de México :
_b2005 resumen, proyecto de investigación
_c/por Francisco José Zamudio Sánchez y Alejandro Corona Ambríz
260 _aChapingo, Méx. :
_bUACH,
_c2010
300 _a39 p. :
_bilus., cuadros, gráfs.
590 _aBATCH-UPD
_b10
_c20130110
_lUCH01
_h1213
590 _aBATCH-UPD
_b10
_c20130410
_lUCH01
_h0751
590 _aBATCH-UPD
_b10
_c20130914
_lUCH01
_h1024
590 _aCONVERSION
_b10
_c20130109
_lUCH01
_h1355
650 1 4 _aComunidad y escuela.
_926252
650 1 4 _aEducación rural
_xMéxico.
_935591
650 1 4 _aEducación
_xCalidad.
_935420
700 0 _aCorona Ambríz, Alejandro.
_928098
901 _aBK
942 _cFOLL
949 _aFolleto 17922
_bBC
_cFOLL
_d33724002235644
_eTS1
_i112357
_sb
999 _c100697
_d100697